[Event "OP-2023-0-05398"]
[Site "LSS email"]
[Date "2023.04.15"]
[Round "?"]
[White "Maly, Marian"]
[Black "Vila Hernandez, Carlos"]
[Result "0-1"]
[WhiteElo "766"]
[BlackElo "2407"]
[PlyCount "42"]
[EventDate "2023.04.10"]
[EventType "tourn (corr)"]
[EventRounds "4"]
[EventCountry "GER"]
[SourceTitle "Corr 2024"]
[Source "ChessBase"]
[SourceDate "2023.10.19"]
[SourceVersion "1"]
[SourceVersionDate "2023.10.19"]
[SourceQuality "1"]

1. d4 Nf6 2. Nf3 e6 3. c3 c5 4. e3 d5 5. Qb3 Nc6 6. Bb5 Bd6 7. Ne5 Qc7 8. Nxc6 bxc6 9. Be2 0-0 10. g3 cxd4 11. cxd4 e5 12. 0-0 e4 13. a3 Bh3 14. Re1 h5 15. f4 exf3 16. Bxf3 Bxg3 17. Re2 Bxh2+ 18. Kh1 Qg3 19. Qd1 Qxf3+ 20. Kxh2 Ng4+ 21. Kg1 Nf2 0-1

[Event "OP-2023-0-05398"]
[Site "LSS email"]
[Date "2023.04.15"]
[Round "?"]
[White "Swiatek, Janusz"]
[Black "Vila Hernandez, Carlos"]
[Result "1/2-1/2"]
[WhiteElo "2109"]
[BlackElo "2407"]
[PlyCount "47"]
[EventDate "2023.04.10"]
[EventType "tourn (corr)"]
[EventRounds "4"]
[EventCountry "GER"]
[SourceTitle "Corr 2024"]
[Source "ChessBase"]
[SourceDate "2023.10.19"]
[SourceVersion "1"]
[SourceVersionDate "2023.10.19"]
[SourceQuality "1"]

1. e4 e5 2. Nf3 Nc6 3. Bb5 a6 4. Ba4 Nf6 5. 0-0 Be7 6. Re1 b5 7. Bb3 0-0 8. c3 d5 9. exd5 Nxd5 10. Nxe5 Nxe5 11. Rxe5 c6 12. Re1 Bd6 13. d4 Qh4 14. g3 Qh3 15. Qe2 Bg4 16. Qf1 Qh5 17. Nd2 Rae8 18. f3 Rxe1 19. Qxe1 Bxf3 20. Nxf3 Qxf3 21. Bd2 Qg4 22. Qf2 Re8 23. Rf1 Qd7 24. c4 1/2-1/2